000 01165nam0a22002411 4500
001 rc\3801287
005 20120311164432.1
035 _a(NLR Aleph) 007247273
090 _a5167348
_c5167348
100 _a20120311d1975 |||y0rusy50 ca
101 0 _arus
102 _aRU
105 _ay z |||||
200 1 _aИзменения в структуре покупательского спроса населения на товары в долгосрочной перспективе и в 1976-1980 гг. в Азербайджанской ССР
_eОтчет по теме
_fРуководитель Мамедов К.А.
_gМ-во торговли СССР. Всесоюз. науч.-исслед. ин-т по изучению спроса населения на товары нар. потребления и конъюнктуры торговли (ВНИИКС). Азерб. филиал
210 _aБаку
_cБ. и.
_d1975
215 _a105 с.
_d20
333 _aДСП. Экз. № 000006
702 1 _aМамедов
_bК. А.
_4570
801 0 _aRU
_bNLR
_gpsbo
801 1 _aRU
_bELAR
_2rusmarc
852 _aNLR
_j75-50К/1543
942 _cBOOK
980 _aNB